000
00208nam a22001097a 4500
100
_a
Adam's Scott
245
_a
The Dilbert Future
250
_a
1998
260
_b
Boxtree
300
_a
258
942
_2
ddc
_c
BK
999
_c
11511
_d
11511